Normal view
MARC view
- THOMSON, L. M. M
Entry Personal Name
001 - CONTROL NUMBER
- control field: 77932
003 - CONTROL NUMBER IDENTIFIER
- control field: NUST
005 - DATE AND TIME OF LATEST TRANSACTION
- control field: 20210628210031.0
008 - FIXED-LENGTH DATA ELEMENTS
- fixed length control field: 210628|| aca||aabn | a|a d
040 ## - CATALOGING SOURCE
- Original cataloging agency: NUST
- Transcribing agency: NUST
100 ## - HEADING--PERSONAL NAME
- Personal name: THOMSON, L. M. M
670 ## - SOURCE DATA FOUND
- Source citation: Work cat.: (NUST): THOMSON, L. M. M, THEORATICAL HYDRODYNAMICS, 1974
